15 Fragen zum DBB – Deutscher Basketball, wie gut kennst du dich aus? - Statistiken

Allgemein
  • Dieses Quiz wurde 41 mal gespielt
  • Das Durchschnittsergebnis liegt bei 9 aus 15
Antwortstatistiken
Frage Antwort % Korrekt
Wie heißt der Deutsche Basketball Bund abgekürzt? DBB
100%
Welche Medaille gewann Deutschland bei der Basketball-WM 2023? Gold
97%
Welcher deutsche Basketballer wurde 2023 in die NBA Hall of Fame aufgenommen? Dirk Nowitzki
95%
Wer ist der beste deutsche Scorer der NBA-Geschichte? Dirk Nowitzki
95%
Wer war Kapitän der deutschen Nationalmannschaft bei der WM 2023? Dennis Schröder
92%
Welches Bundesland stellt traditionell viele deutsche Basketballspieler? Bayern
84%
Gegen welches Land gewann Deutschland das WM-Finale 2023? Serbien
82%
Wie oft hat Deutschland bisher an Olympischen Spielen im Basketball teilgenommen (Stand: 2024)? 7 mal
74%
Wer war Bundestrainer beim WM-Sieg 2023? Gordon Herbert
71%
Wie heißt die Basketball-Nachwuchsliga des DBB? NBBL (Nachwuchs Basketball Bundesliga)
39%
In welcher Stadt fand die Basketball-EM 1993 statt, die Deutschland gewann? München
34%
Gegen wen gewann Deutschland das EM-Finale 1993? Russland
32%
Wann wurde der DBB gegründet? 1949
21%
Wie heißt der Präsident des DBB (Stand: 2024)? Ingo Weiss
21%
Wie heißt das Maskottchen der deutschen Basketball-Nationalmannschaft? Arnold
11%
Keine übereinstimmenden Quizze gefunden
Verteilung der Resultate
Anzahl Personen mit jedem Resultat
Perzentil nach korrekt beantworteten Fragen
Ihre Resultats-Entwicklung
Sie haben dieses Quiz noch nicht gespielt